000 00524nam a2200193Ia 4500
008 101110s9999 xx 000 0 und d
041 _aENGLISH
082 _bSR10213
_a915.4
100 _aSingh Govind Saran
245 _aPolitical Geography of India, Maps by Lestex
365 _b8
520 _aGeography
546 _aENGLISH
630 _aPolitical Geography of India, Maps by Lestex
650 _aGeography
655 _aGeography
730 _aPolitical Geography of India, Maps by Lestex
942 _cBOOK
999 _c805197
_d805194